000 00327nam a2200121Ia 4500
008 190216s9999||||xx |||||||||||||| ||und||
100 _aSputnik
245 0 _aMixed Grill
260 _bHind Pocket Books Pvt Ltd
_c1978
300 _a164
650 _aEnglish Stories-English Stories-English Stories-English Stories
942 _cBK
999 _c13306
_d13306